• 首页
  • 本馆介绍
  • 公告通知
  • 最新文献
  • 馆藏检索
  • 电子资源
  • 读者导购
  • 参考咨询
  • 我的图书馆
  • 登录
  • 详细信息显示
  • 放入我的书架
  • 预约/预借图书
  • 作者相关作品
  • 分类相关作品
  • 丛书相关作品
  • 出版社相关作品

书目信息

  • 表格格式
  • 工作单格式
  • 卡片格式
题名:
瑜伽冠军教你从零到高手
    
 
作者: 焦开开 主编
分册:  
出版信息: 哈尔滨   黑龙江科学技术出版社  2017
页数: 182页
开本: 23cm
丛书名:
单 册:
中图分类: R793.51
科图分类:
主题词: 女性--瑜伽--基本知识
电子资源:
ISBN: 978-7-5388-9317-5
000 00921nam0 2200241 450
001 012001000970
005 20131107094937.0
010    @a978-7-5388-9317-5@dCNY39.80
100    @a20171018d2017 em y0chiy50 ea
101 0  @achi
102    @aCN@b230000
105    @aa z 000yy
106    @ar
200 1  @a瑜伽冠军教你从零到高手@Ayu jia guan jun jiao ni cong ling dao gao shou@f焦开开主编
210    @a哈尔滨@c黑龙江科学技术出版社@d2017
215    @a182页@c照片@d23cm
314    @a焦开开,1994年出生,云南昆明人,2007年参演中央电视台春节联欢晚会。
330    @a本书内容:《练习瑜伽前的准备工作》、《唤醒自己的瑜伽呼吸法》、《基础坐姿和手印,带你尽情徜徉瑜伽的殿堂》、《零伤害瑜伽的修炼要点》、《休息充分,能量充盈——喻伽放松术》。
606 0  @a女性@x瑜伽@x基本知识
690    @aR793.51@v5
701  0 @a焦开开@Ajiao kai kai@f(1994-)@4主编
801  0 @aCN@b北京卓展文化@c20191020
905    @b1197270-3@dR793.51@e18@f4
    
    瑜伽冠军教你从零到高手/焦开开主编.-哈尔滨:黑龙江科学技术出版社,2017
    182页:照片;23cm
    
    
    ISBN 978-7-5388-9317-5:CNY39.80
    本书内容:《练习瑜伽前的准备工作》、《唤醒自己的瑜伽呼吸法》、《基础坐姿和手印,带你尽情徜徉瑜伽的殿堂》、《零伤害瑜伽的修炼要点》、《休息充分,能量充盈——喻伽放松术》。
●
相关链接 在E读中查询图书 在五车中查询图书 在当当中查询图书 在豆瓣中查询图书


正题名:瑜伽冠军教你从零到高手     索取号:R793.51/18         预约/预借

序号 登录号 条形码 馆藏地/架位号 状态 备注
1 1197270   211972702   第二样本阅览室/ [索取号:R793.51/18] 在馆    
2 1197271   211972711   第三借阅区/ [索取号:R793.51/18] 在馆    
3 1197272   211972720   第三借阅区/ [索取号:R793.51/18] 在馆    
4 1197273   211972739   第三借阅区/ [索取号:R793.51/18] 在馆    
唐山师范学院图书馆 欢迎您!
大连网信软件有限公司© 版权所有